000 00655nam a2200241Ia 4500
005 20250425162521.0
008 250425s9999 xx 000 0 und d
020 _a9978862862
041 _aspa
043 _aec
082 _a341.02636
100 _aEDITORIAL, JURIDICA DEL ECUADOR
245 0 _aCODIGO DE TRABAJO, LEGISLACION CONEXA, CONCORDANCIAS, JURISPRUDENCIA
250 _a1A ED.
260 _aEcuador
_bCORPORACION DE ESTUDIOS Y PUBLICACIONES
_c2012
260 _aQUITO
300 _a607
650 _aCODIGO DE TRABAJO
650 _aLEYES
710 _aCORPORACION DE ESTUDIOS Y PUBLICACIONES
942 _c01
010 _a80898
999 _c230839
_d230839